| 000 -CABECERA |
| Longitud fija campo de control |
00789nam a2200205 a 4500 |
| 001 - NÚMERO DE CONTROL |
| Número de control |
2133 |
| 003 - IDENTIFICADOR DEL NÚMERO DE CONTROL |
| Identificador del número de control |
CDMR |
| 005 - FECHA Y HORA DE LA ÚLTIMA TRANSACCIÓN |
| Fecha y hora de la última transacción |
20151026133603.0 |
| 008 - CÓDIGOS DE INFORMACIÓN DE LONGITUD FIJA |
| Códigos de información de longitud fija |
130130s2002||||||||||||||||||||||||||||d |
| 040 ## - FUENTE DE LA CATALOGACIÓN |
| Centro catalogador de origen |
CDMR |
| Lengua de catalogación |
cat |
| Centro transcriptor |
CDMR |
| 100 1# - PUNTO DE ACCESO PRINCIPAL-NOMBRE DE PERSONA |
| Nombre de persona |
Barata Villar, Francesc |
| 9 (RLIN) |
1588 |
| 245 13 - MENCIÓN DE TÍTULO |
| Título |
La mirada periodística sobre el delito |
| Mención de responsabilidad, etc. |
Francesc Barata Villar ; director Miquel Rodrigo Alsina |
| 260 ## - PUBLICACIÓN, DISTRIBUCIÓN, ETC. (PIE DE IMPRENTA) |
| Lugar de publicación, distribución, etc. |
Barcelona |
| Fecha de publicación, distribución, etc. |
2002 |
| 300 ## - DESCRIPCIÓN FÍSICA |
| Extensión |
637 p ; |
| Dimensiones |
29 cm |
| 502 ## - NOTA DE TESIS |
| Nota de tesis |
Tesi dirigida per Miquel Rodrigo Alsina i presentada l'any 2002 a la |
| Nombre de la institución que otorga el tí,tulo |
Facultat de Ciències de la Comunicació Blanquerna, Universitat Ramon Llull |
| 650 04 - PUNTO DE ACCESO ADICIONAL DE MATERIA - TÉRMINO DE MATERIA |
| 9 (RLIN) |
4196 |
| Término de materia o nombre geográfico como elemento inicial |
Delicte en els mitjans de comunicació de massa |
| 650 04 - PUNTO DE ACCESO ADICIONAL DE MATERIA - TÉRMINO DE MATERIA |
| 9 (RLIN) |
2799 |
| Término de materia o nombre geográfico como elemento inicial |
Periodisme |
| Subdivisión de materia general |
Aspectes socials |
| 650 04 - PUNTO DE ACCESO ADICIONAL DE MATERIA - TÉRMINO DE MATERIA |
| 9 (RLIN) |
2994 |
| Término de materia o nombre geográfico como elemento inicial |
Tesis i dissertacions acadèmiques |
| 942 ## - ENTRADA DE ELEMENTOS AGREGADOS (KOHA) |
| Koha [por defecto] tipo de item |
Tesines |
| Fuente de clasificaión o esquema |
|